[Event "Women's World Rapid Championship 2012"]
[Site "Batumi GEO"]
[Date "2012.06.02"]
[Round "8.9"]
[White "Batsiashvili, Nino"]
[Black "Dzagnidze, Nana"]
[Result "0-1"]
[WhiteTitle "WGM"]
[BlackTitle "GM"]
[WhiteElo "2436"]
[BlackElo "2547"]
[WhiteFideId "13602993"]
[BlackFideId "13601903"]
[EventDate "2012.05.31"]

1. d4 Nf6 2. c4 e6 3. Nf3 b6 4. g3 Ba6 5. b3 d5 6. cxd5 exd5 7. Bg2 Bd6 8. O-O
O-O 9. Bb2 Re8 10. Re1 Nbd7 11. Nc3 c6 12. Rc1 Rc8 13. Nh4 Nf8 14. e4 dxe4 15.
Nxe4 Nxe4 16. Rxe4 Ng6 17. Nf5 Re6 18. Rxe6 fxe6 19. Nxd6 Qxd6 20. Qg4 Rc7 21.
Qe4 Ne7 22. Re1 Bc8 23. Bh3 Nf5 24. Bg2 Bd7 25. h4 Rc8 26. Qe5 Qxe5 27. dxe5 Ne7
28. f4 Kf7 29. Rd1 Nd5 30. Be4 g6 31. h5 Rg8 32. Kf2 Ke7 33. hxg6 hxg6 34. Rh1
g5 35. Rh7+ Kd8 36. fxg5 Rxg5 37. Kf3 c5 38. g4 Ne7 39. Bc1 Rg8 40. g5 Be8 41.
Kg4 Rf8 42. Rh6 Rf1 43. Bf4 Rg1+ 44. Bg3 Rd1 45. Kf3 Rf1+ 46. Kg2 Ra1 47. g6
Rxa2+ 48. Kh3 Re2 49. Bb1 Rb2 50. Be4 Rxb3 51. g7 Bc6 52. Rh8+ Kc7 53. Bxc6 Kxc6
54. g8=Q Nxg8 55. Rxg8 a5 56. Re8 Kd5 57. Rd8+ Ke4 58. Ra8 c4 59. Re8 Kd5 60.
Rd8+ Kc5 61. Rd6 c3 62. Rxe6 a4 63. Re8 a3 64. Ra8 Kd5 65. Kg4 0-1

[Event "Women's World Rapid Championship 2012"]
[Site "Batumi GEO"]
[Date "2012.06.02"]
[Round "8.10"]
[White "Harika, Dronavalli"]
[Black "Muzychuk, Mariya"]
[Result "1-0"]
[WhiteTitle "GM"]
[BlackTitle "IM"]
[WhiteElo "2508"]
[BlackElo "2456"]
[WhiteFideId "5015197"]
[BlackFideId "14114550"]
[EventDate "2012.05.31"]

1. c4 f5 2. g3 Nf6 3. Bg2 g6 4. Nc3 Bg7 5. d3 d6 6. e4 Nc6 7. Nge2 O-O 8. O-O e5
9. Nd5 Ne7 10. Nxf6+ Bxf6 11. Bh6 Rf7 12. Qd2 fxe4 13. dxe4 Be6 14. b3 Nc6 15.
Be3 Qd7 16. Rad1 Raf8 17. f3 Bg7 18. Qc3 Ne7 19. Rf2 b6 20. b4 Qa4 21. Rc1 c6
22. Qd2 d5 23. Nc3 Qxb4 24. cxd5 cxd5 25. Nxd5 Qa4 26. Qb4 Qxb4 27. Nxb4 Rd8 28.
Rfc2 a5 29. Na6 Rd6 30. Nc7 Bd7 31. Rb2 Nc8 32. Nd5 b5 33. Rbc2 b4 34. Rxc8+
Bxc8 35. Rxc8+ Rf8 36. Rc7 Rf7 37. Rc8+ Rf8 38. Rc5 Ra8 39. Bf1 Bf8 40. Rc7 Bg7
41. Bc4 Kh8 42. Bc5 Rdd8 43. Nb6 Rd1+ 44. Kg2 Rad8 45. Be7 Rb8 46. Nd7 Re8 47.
Kh3 Rxe7 48. Rc8+ Bf8 49. Rxf8+ Kg7 50. Rg8+ Kh6 51. Nf6 Rd4 52. Bd5 Kg5 53. Ng4
Rd3 54. Nxe5 Rxd5 55. f4+ Kf6 56. exd5 a4 57. d6 1-0

[Event "Women's World Rapid Championship 2012"]
[Site "Batumi GEO"]
[Date "2012.06.02"]
[Round "8.12"]
[White "Kosintseva, Tatiana"]
[Black "Zhukova, Natalia"]
[Result "0-1"]
[WhiteTitle "GM"]
[BlackTitle "GM"]
[WhiteElo "2532"]
[BlackElo "2442"]
[WhiteFideId "4133471"]
[BlackFideId "14101513"]
[EventDate "2012.05.31"]

1. e4 e6 2. d4 d5 3. Nc3 Bb4 4. e5 Ne7 5. a3 Bxc3+ 6. bxc3 c5 7. Qg4 cxd4 8.
Qxg7 Rg8 9. Qxh7 Qc7 10. Ne2 dxc3 11. f4 Bd7 12. Qd3 Nbc6 13. Nxc3 a6 14. Rb1
Na5 15. g3 Rc8 16. Bd2 Nc4 17. Ne2 Bb5 18. Qb3 Nxd2 19. Kxd2 Nc6 20. a4 Na5 21.
Qc3 Nc4+ 22. Ke1 Bxa4 23. Nd4 b5 24. Bxc4 Qxc4 25. Qd2 Kd7 26. Rb2 Rc7 27. Kf2
Rgc8 28. Rc1 Qc3 29. Qxc3 Rxc3 30. Ke2 Rh8 31. Kd2 Ra3 32. Rh1 Rxg3 33. hxg3
Rxh1 34. Ke3 Rh2 35. Ra2 Kc7 36. Kd3 Kb6 37. f5 exf5 38. Nxf5 Bb3 39. Rb2 Bc4+
40. Kd4 Rd2+ 41. Kc3 Rf2 42. Nd6 Rf3+ 43. Kd4 Rxg3 44. Nxf7 Rg4+ 45. Ke3 d4+ 46.
Kf3 Rg1 47. Nd6 Bd5+ 48. Kf4 Rg2 49. Nf5 Rf2+ 50. Kg5 d3 51. Ne3 Be6 52. Rb1
dxc2 53. Rc1 Bb3 54. Nf5 Rd2 55. Ne3 Rd1 0-1

[Event "Women's World Rapid Championship 2012"]
[Site "Batumi GEO"]
[Date "2012.06.02"]
[Round "8.13"]
[White "Socko, Monika"]
[Black "Arakhamia-Grant, Ketevan"]
[Result "0-1"]
[WhiteTitle "GM"]
[BlackTitle "GM"]
[WhiteElo "2484"]
[BlackElo "2426"]
[WhiteFideId "1106619"]
[BlackFideId "13600168"]
[EventDate "2012.05.31"]

1. d4 Nf6 2. c4 c5 3. d5 e5 4. Nc3 d6 5. e4 Be7 6. Bd3 Nbd7 7. Nge2 h5 8. h3 a6
9. Be3 h4 10. Qd2 Nh7 11. Ng1 Bg5 12. Nf3 Bxe3 13. Qxe3 Ndf8 14. O-O-O Ng6 15.
g3 Bd7 16. Rdg1 hxg3 17. fxg3 Qe7 18. Kb1 O-O-O 19. Bc2 Kb8 20. Ne2 Nf6 21. g4
Nh4 22. Ne1 Rdf8 23. b4 Rc8 24. Qb3 Ng6 25. b5 axb5 26. cxb5 c4 27. Qb4 Rc5 28.
Nc3 Nf4 29. g5 Ne8 30. h4 Nc7 31. a4 g6 32. Rg3 Rc8 33. Kb2 Ne8 34. Ng2 Ng7 35.
Ne3 Ngh5 36. Rf3 Nd3+ 37. Bxd3 cxd3 38. Ned1 Nf4 39. a5 Bg4 40. Rhf1 Bxf3 41.
Rxf3 Rc4 42. Qa3 Qc7 43. a6 bxa6 44. Qb3 Qc5 45. Na4 Rc2+ 46. Ka1 Qxb5 47. Qxb5+
axb5 48. Nab2 Rd2 49. Ka2 Rc1 50. Ne3 Rh2 51. Ka3 Ra1+ 52. Kb3 Rb1 53. Nf1
Rhxb2+ 54. Ka3 Rc2 55. Ne3 Re2 56. h5 gxh5 0-1

[Event "Women's World Rapid Championship 2012"]
[Site "Batumi GEO"]
[Date "2012.06.02"]
[Round "8.14"]
[White "Ding, Yixin"]
[Black "Javakhishvili, Lela"]
[Result "0-1"]
[WhiteTitle "WGM"]
[BlackTitle "IM"]
[WhiteElo "2353"]
[BlackElo "2449"]
[WhiteFideId "8602972"]
[BlackFideId "13601458"]
[EventDate "2012.05.31"]

1. e4 c5 2. Ne2 e6 3. Nbc3 Nc6 4. g3 a6 5. a4 d5 6. exd5 exd5 7. d4 Bg4 8. Qd3
Nb4 9. Qe3+ Be7 10. Kd2 Nf6 11. Bg2 O-O 12. Na2 Re8 13. f3 Bf8 14. Qf2 Bf5 15.
Nxb4 cxb4 16. g4 Bg6 17. Nf4 Qc7 18. Nxg6 hxg6 19. Kd1 Bd6 20. Bf1 Bf4 21. Bd2
Qd6 22. Bd3 Re6 23. c3 Rae8 24. cxb4 Be3 25. Qg3 Qb6 26. Bc3 Bxd4 27. a5 Qa7 28.
b5 axb5 29. Bxb5 Rc8 30. Bd2 Be3 31. Bc3 d4 32. Be1 d3 33. Bc3 Nd5 34. Bxd3
Nxc3+ 35. bxc3 Rxc3 36. Be4 Rxe4 37. fxe4 Qd4+ 38. Ke2 Qd2+ 39. Kf1 Rc2 40. Qf3
Qd3+ 41. Ke1 Qc3+ 0-1

[Event "Women's World Rapid Championship 2012"]
[Site "Batumi GEO"]
[Date "2012.06.02"]
[Round "8.18"]
[White "Matnadze, Ana"]
[Black "Kovalevskaya, Ekaterina"]
[Result "1/2-1/2"]
[WhiteTitle "IM"]
[BlackTitle "IM"]
[WhiteElo "2446"]
[BlackElo "2417"]
[WhiteFideId "13601377"]
[BlackFideId "4116704"]
[EventDate "2012.05.31"]

1. d4 d5 2. g3 e6 3. Bg2 c5 4. Nf3 Nc6 5. c4 Nf6 6. O-O Be7 7. Nc3 O-O 8. cxd5
exd5 9. Bg5 c4 10. Ne5 Be6 11. Nxc6 bxc6 12. Qa4 h6 13. Bxf6 Bxf6 14. Qxc6 Rc8
15. Qa6 Bxd4 16. Rad1 Qf6 17. Bxd5 Bxc3 18. bxc3 Qxc3 19. Bxe6 fxe6 20. Qxe6+
Kh8 21. Rd7 Qf6 22. Qxf6 Rxf6 23. Rc1 c3 24. Rc2 Rb6 25. Kg2 a5 26. Rd3 Rb2 27.
Rcxc3 Rxc3 28. Rxc3 Rxe2 29. a3 Ra2 30. Kf3 Kg8 31. h4 Kf7 32. Ke3 Kf6 33. h5 a4
34. g4 Ke5 35. Rd3 Ra1 36. f3 Ra2 37. f4+ Kf6 38. Ke4 Re2+ 39. Re3 Rg2 40. Kf3
Rb2 41. Rd3 Ra2 42. Rc3 Ra1 43. Rc6+ Kf7 44. Ke4 Rxa3 45. Kf5 Rb3 46. Rc7+ Kg8
47. g5 Rb5+ 48. Kg6 Rb6+ 49. Kf5 Rb5+ 50. Kg6 Rb6+ 51. Kf5 Rb5+ 52. Kg6 Rb6+ 1/2-1/2

[Event "Women's World Rapid Championship 2012"]
[Site "Batumi GEO"]
[Date "2012.06.02"]
[Round "8.19"]
[White "Danielian, Elina"]
[Black "Charkhalashvili, Inga"]
[Result "1-0"]
[WhiteTitle "GM"]
[BlackTitle "WGM"]
[WhiteElo "2484"]
[BlackElo "2334"]
[WhiteFideId "13300210"]
[BlackFideId "13601431"]
[EventDate "2012.05.31"]

1. Nf3 Nf6 2. c4 e6 3. e3 d5 4. Nc3 Be7 5. b3 O-O 6. Bb2 b6 7. d4 Bb7 8. Bd3
dxc4 9. bxc4 c5 10. O-O cxd4 11. exd4 Nc6 12. Rc1 Na5 13. Ne5 Rc8 14. Re1 Ba6
15. Qe2 Bb4 16. Red1 Bb7 17. Bb1 Re8 18. a3 Bf8 19. Rd3 g6 20. Ba2 Bg7 21. Rdd1
Nh5 22. Ne4 f5 23. Ng3 Nf4 24. Qd2 Nxg2 25. d5 Nh4 26. Qe3 exd5 27. f4 Qd6 28.
Qf2 Bf6 29. cxd5 Kg7 30. Rxc8 Rxc8 31. Nf1 Rd8 32. Ne3 b5 33. Rc1 Rc8 34. Rxc8
Bxc8 35. Nc2 Qc7 36. Bd4 Nb7 37. Nc6 Qd6 38. Qxh4 1-0

[Event "Women's World Rapid Championship 2012"]
[Site "Batumi GEO"]
[Date "2012.06.02"]
[Round "8.21"]
[White "Mikadze, Miranda"]
[Black "Khukhashvili, Sopiko"]
[Result "1/2-1/2"]
[WhiteTitle "WIM"]
[BlackTitle "IM"]
[WhiteElo "2323"]
[BlackElo "2414"]
[WhiteFideId "13603108"]
[BlackFideId "13602055"]
[EventDate "2012.05.31"]

1. e4 d6 2. d4 Nf6 3. Nd2 e5 4. c3 c6 5. Ngf3 Nbd7 6. dxe5 Nxe5 7. Be2 Be7 8.
Qc2 O-O 9. O-O Ng6 10. Re1 Re8 11. Nc4 Bf8 12. Bd3 Bg4 13. Be3 Bxf3 14. gxf3 d5
15. Nd2 Nh5 16. Nf1 Qf6 17. Ng3 Nxg3 18. hxg3 Qxf3 19. exd5 cxd5 20. Bf1 Qh5 21.
Bg2 Ne5 22. Qa4 Nd3 23. Qd1 Qf5 24. Re2 Bc5 25. Bxc5 Nxc5 26. Rxe8+ 1/2-1/2

[Event "Women's World Rapid Championship 2012"]
[Site "Batumi GEO"]
[Date "2012.06.02"]
[Round "8.22"]
[White "Cori T., Deysi"]
[Black "Klinova, Masha"]
[Result "1-0"]
[WhiteTitle "WGM"]
[BlackTitle "IM"]
[WhiteElo "2386"]
[BlackElo "2318"]
[WhiteFideId "3801934"]
[BlackFideId "2802015"]
[EventDate "2012.05.31"]

1. d4 d6 2. Nf3 Nf6 3. c4 g6 4. Nc3 Bg7 5. g3 O-O 6. Bg2 Nc6 7. O-O Bf5 8. d5
Na5 9. Nd4 Bd7 10. b3 c5 11. dxc6 Nxc6 12. Bb2 Nxd4 13. Qxd4 Bc6 14. Qd2 Bxg2
15. Kxg2 a6 16. Rfd1 Rc8 17. f3 Qd7 18. e4 Rfd8 19. Na4 Qc6 20. Qe3 b5 21. Nb6
Rb8 22. Bxf6 Qxb6 23. Qxb6 Rxb6 24. Bxe7 Rd7 25. c5 Rc6 26. Rac1 Bb2 27. Rc2 Ba3
28. Rxd6 Rdxd6 29. Bxd6 f6 30. f4 f5 31. Kf3 Kf7 32. Ke3 Ke6 33. exf5+ gxf5 1-0

[Event "Women's World Rapid Championship 2012"]
[Site "Batumi GEO"]
[Date "2012.06.02"]
[Round "8.23"]
[White "Janjghava, Natia"]
[Black "Arabidze, Meri"]
[Result "0-1"]
[WhiteTitle "WIM"]
[BlackTitle "WIM"]
[WhiteElo "2306"]
[BlackElo "2351"]
[WhiteFideId "13600389"]
[BlackFideId "13604040"]
[EventDate "2012.05.31"]

1. Nf3 Nf6 2. g3 e6 3. Bg2 d5 4. O-O Be7 5. d4 b5 6. a4 b4 7. a5 O-O 8. c3 Ba6
9. Nbd2 Nbd7 10. Re1 bxc3 11. bxc3 c5 12. Ba3 Rc8 13. Qa4 h6 14. Rab1 cxd4 15.
cxd4 Rc3 16. Bb4 Bxb4 17. Qxb4 Qc7 18. Bf1 Rc8 19. e3 Bxf1 20. Rxf1 Rc2 21. Rb2
Rxb2 22. Qxb2 Qxa5 23. Ra1 Qb6 24. Qa3 Ra8 25. Rb1 Qc6 26. Rc1 Qb7 27. Nb3 Qb5
28. Kg2 a5 29. Nc5 a4 30. Nxd7 Nxd7 31. Qe7 a3 32. Rc7 a2 33. Rxd7 Qxd7 34. Qxd7
a1=Q 35. Ne5 Qa7 36. Qd6 Qb7 37. h4 h5 38. Nf3 Rc8 39. Ng5 Qc6 40. Qf4 f6 41.
Nh3 Qc2 42. Qf3 Qe4 43. Qxe4 dxe4 44. Nf4 Kf7 45. Nxh5 e5 46. dxe5 fxe5 47. g4
Rh8 48. Kh3 Rb8 49. Ng3 Rb4 50. g5 g6 51. Kg4 Ke6 52. h5 gxh5+ 53. Kxh5 Kf7 54.
g6+ Kg7 55. Kg5 Rb6 56. Nf5+ Kg8 57. Kh6 Rf6 58. Ne7+ Kf8 59. Kh7 Kxe7 60. g7
Rxf2 61. g8=Q Rh2+ 62. Kg7 Rg2+ 63. Kh8 Rxg8+ 64. Kxg8 Kf6 65. Kf8 Kf5 66. Ke7
Kg4 0-1

[Event "Women's World Rapid Championship 2012"]
[Site "Batumi GEO"]
[Date "2012.06.02"]
[Round "8.24"]
[White "Gurieli, Nino"]
[Black "Bezgodova, Svetlana"]
[Result "1-0"]
[WhiteTitle "IM"]
[BlackTitle "WIM"]
[WhiteElo "2329"]
[BlackElo "2120"]
[WhiteFideId "13600222"]
[BlackFideId "4110650"]
[EventDate "2012.05.31"]

1. Nf3 Nf6 2. g3 c6 3. Bg2 d6 4. d4 Nbd7 5. O-O e5 6. dxe5 dxe5 7. b3 Be7 8. Bb2
Qc7 9. Nbd2 b5 10. Nxe5 Nxe5 11. Bxe5 Qb6 12. c4 b4 13. c5 Qa6 14. Nc4 O-O 15.
Bd6 Re8 16. Qd2 Bg4 17. e4 Qb5 18. e5 Nd7 19. Bxe7 Rxe7 20. Qg5 1-0

[Event "Women's World Rapid Championship 2012"]
[Site "Batumi GEO"]
[Date "2012.06.02"]
[Round "9.3"]
[White "Muzychuk, Anna"]
[Black "Huang, Qian"]
[Result "1-0"]
[WhiteTitle "GM"]
[BlackTitle "WGM"]
[WhiteElo "2598"]
[BlackElo "2417"]
[WhiteFideId "14111330"]
[BlackFideId "8602689"]
[EventDate "2012.05.31"]

1. e4 g6 2. d4 Bg7 3. Nc3 c6 4. Nf3 d6 5. a4 Nd7 6. Be3 Ngf6 7. h3 O-O 8. a5 e5
9. dxe5 dxe5 10. Qd6 Ne8 11. Qd2 Qe7 12. Bc4 Nef6 13. O-O Nc5 14. Ng5 Ne6 15.
Nxe6 Bxe6 16. Qe2 Rfe8 17. Rfd1 Qb4 18. Bxe6 Rxe6 19. Qd3 Bf8 20. Ra4 Qe7 21.
Qc4 Rd6 22. Rb1 Rd7 23. b4 Ne8 24. Qe2 Nc7 25. Raa1 Ne6 26. Na4 Qh4 27. Qg4 Qxg4
28. hxg4 Nd4 29. Ra2 Be7 30. Kf1 Rdd8 31. c3 Nb5 32. Rc1 Kf8 33. Ke2 Nd6 34. Nc5
Kg7 35. Kf3 Rab8 36. Na4 Ra8 37. Nc5 Rab8 38. Na4 Nb5 39. Ke2 Rbc8 40. f3 Rd7
41. Rd2 Rxd2+ 42. Kxd2 Na3 43. Ke2 a6 44. Rd1 Nb5 45. Rd7 Rc7 46. Rxc7 Nxc7 47.
Bc5 Bf6 48. Bd6 Ne6 49. g3 h5 50. gxh5 gxh5 51. Ke3 Bg5+ 52. f4 exf4+ 53. gxf4
Bh4 54. f5 Ng5 55. Nc5 Be1 56. Nxb7 Bxc3 57. Nd8 f6 58. Nxc6 Nf7 59. Bg3 Ne5 60.
Bxe5 fxe5 61. b5 Bxa5 62. Nxa5 axb5 63. Nc6 Kf6 64. Kf3 Kg5 65. Nxe5 b4 66. Nd3
b3 67. Kg3 1-0

[Event "Women's World Rapid Championship 2012"]
[Site "Batumi GEO"]
[Date "2012.06.02"]
[Round "9.4"]
[White "Koneru, Humpy"]
[Black "Guo, Qi"]
[Result "1-0"]
[WhiteTitle "GM"]
[BlackTitle "WGM"]
[WhiteElo "2589"]
[BlackElo "2360"]
[WhiteFideId "5008123"]
[BlackFideId "8604002"]
[EventDate "2012.05.31"]

1. d4 d5 2. c4 e5 3. dxe5 d4 4. Nf3 Nc6 5. a3 Nge7 6. b4 Ng6 7. Bb2 a5 8. b5
Ncxe5 9. Nxe5 Nxe5 10. Bxd4 Nxc4 11. e3 Nd6 12. Bd3 Qg5 13. O-O Nxb5 14. h4 Qd5
15. e4 Qd7 16. Bxb5 Qxb5 17. Nc3 Qd7 18. Nd5 Ra6 19. Be5 Rc6 20. Rc1 Rxc1 21.
Qxc1 f6 22. Nxc7+ Kf7 23. Qc4+ Kg6 24. Bg3 h5 25. Nd5 b5 26. Nf4+ Kh7 27. Qe2
Bxa3 28. Qxh5+ Kg8 29. Qf3 Bc5 30. Rd1 Qg4 31. Qb3+ Kh7 32. Rd5 a4 33. Qa2 f5
34. Rxc5 Rd8 35. Rxb5 Rd1+ 36. Kh2 Rc1 37. f3 Rh1+ 38. Kxh1 Qxg3 39. Qd2 Qxh4+
40. Kg1 1-0

[Event "Women's World Rapid Championship 2012"]
[Site "Batumi GEO"]
[Date "2012.06.02"]
[Round "9.5"]
[White "Dzagnidze, Nana"]
[Black "Zhao, Xue"]
[Result "1-0"]
[WhiteTitle "GM"]
[BlackTitle "GM"]
[WhiteElo "2547"]
[BlackElo "2549"]
[WhiteFideId "13601903"]
[BlackFideId "8601283"]
[EventDate "2012.05.31"]

1. Nf3 Nf6 2. g3 b5 3. Bg2 d5 4. O-O e6 5. b3 Be7 6. Bb2 Nbd7 7. d3 Bb7 8. Nbd2
c5 9. Re1 Qc7 10. e4 dxe4 11. dxe4 c4 12. bxc4 bxc4 13. Rb1 O-O 14. Nd4 c3 15.
Nb5 Qc6 16. Bxc3 a6 17. Bxf6 Bxf6 18. Nd6 Qxd6 19. Rxb7 Nc5 20. Rb1 Rad8 21. Nc4
Qc6 22. Qe2 Qa4 23. e5 Be7 24. a3 Rd4 25. Rb4 Qd7 26. Nd6 Rxd6 27. exd6 Qxd6 28.
Rd1 Qc7 29. h4 g6 30. Qe3 Rc8 31. h5 Bf8 32. Rh4 Qe7 33. hxg6 hxg6 34. Qd4 Bg7
35. Qd6 Qxd6 36. Rxd6 Bf8 37. Rc6 Rb8 38. Rb4 Rd8 39. Rc4 Nb7 40. Rxa6 Rd1+ 41.
Kh2 Nd6 42. Rf4 Rd2 43. Ra8 Kg7 44. a4 g5 45. Rf3 e5 46. Rd3 Rxf2 47. Rxf8 Kxf8
48. Rxd6 Rxc2 49. Kg1 Ra2 50. Bc6 Kg7 51. g4 Rc2 52. Kf1 Kf8 53. a5 Ke7 54. Rd7+
Ke6 55. Bb5 Ra2 56. Bc4+ 1-0

[Event "Women's World Rapid Championship 2012"]
[Site "Batumi GEO"]
[Date "2012.06.02"]
[Round "9.6"]
[White "Khurtsidze, Nino"]
[Black "Gunina, Valentina"]
[Result "1-0"]
[WhiteTitle "IM"]
[BlackTitle "IM"]
[WhiteElo "2456"]
[BlackElo "2530"]
[WhiteFideId "13600320"]
[BlackFideId "4167570"]
[EventDate "2012.05.31"]

1. d4 d5 2. c4 c6 3. Nf3 Nf6 4. e3 Bf5 5. Nc3 e6 6. Nh4 Bg6 7. Qb3 Qc7 8. Bd2
Nbd7 9. Nxg6 hxg6 10. g3 Nb6 11. cxd5 exd5 12. Rd1 Be7 13. Bg2 Qd7 14. O-O Ng4
15. h3 Nf6 16. Rfe1 Nc4 17. e4 Nxd2 18. Rxd2 dxe4 19. Nxe4 O-O 20. Nxf6+ Bxf6
21. Red1 Rad8 22. Qa3 Bg5 23. Rd3 b6 24. Qa4 Rc8 25. Rc3 Rfd8 26. Bxc6 Qxh3 27.
Bd7 Rxd7 28. Rxc8+ Kh7 29. Qc6 Bh6 30. Qa8 g5 31. Qe4+ g6 32. Qe8 Bg7 33. Qg8+
Kh6 34. Qh8+ 1-0

[Event "Women's World Rapid Championship 2012"]
[Site "Batumi GEO"]
[Date "2012.06.02"]
[Round "9.7"]
[White "Cramling, Pia"]
[Black "Harika, Dronavalli"]
[Result "0-1"]
[WhiteTitle "GM"]
[BlackTitle "GM"]
[WhiteElo "2478"]
[BlackElo "2508"]
[WhiteFideId "1700030"]
[BlackFideId "5015197"]
[EventDate "2012.05.31"]

1. d4 Nf6 2. Nf3 g6 3. Nbd2 d5 4. e3 Bg7 5. b4 O-O 6. Bb2 b6 7. b5 c5 8. bxc6
Nxc6 9. Be2 Ne4 10. O-O Bf5 11. Nxe4 Bxe4 12. Nd2 Bf5 13. c4 Rc8 14. a3 dxc4 15.
Nxc4 b5 16. Nd2 Bc2 17. Qe1 e5 18. Nf3 exd4 19. Nxd4 Nxd4 20. Bxd4 Bxd4 21. exd4
Be4 22. Qd1 Qd5 23. f3 Bf5 24. Rf2 Rc3 25. Bf1 Rfc8 26. Rd2 Re3 27. Raa2 Rec3
28. Qe2 Bd3 29. Rxd3 Rxd3 30. Qxd3 Qxa2 31. Qxb5 Qxa3 32. Qe5 Rd8 0-1

[Event "Women's World Rapid Championship 2012"]
[Site "Batumi GEO"]
[Date "2012.06.02"]
[Round "9.8"]
[White "Zhukova, Natalia"]
[Black "Paehtz, Elisabeth"]
[Result "1/2-1/2"]
[WhiteTitle "GM"]
[BlackTitle "IM"]
[WhiteElo "2442"]
[BlackElo "2491"]
[WhiteFideId "14101513"]
[BlackFideId "4641833"]
[EventDate "2012.05.31"]

1. d4 g6 2. e4 Bg7 3. c4 d6 4. Nc3 Nc6 5. Nge2 e5 6. Be3 Nf6 7. f3 Nd7 8. Qd2 a5
9. d5 Nb4 10. a3 Na6 11. b4 Nb6 12. Bxb6 cxb6 13. Nc1 h5 14. Nd3 axb4 15. axb4
Bd7 16. Qb2 O-O 17. Be2 Bh6 18. O-O Be3+ 19. Kh1 Bd4 20. Ne1 Qg5 21. f4 exf4 22.
Nf3 Qf6 23. Nxd4 Qxd4 24. Rxf4 Bg4 25. Rd1 Qe5 26. Rf2 Bxe2 27. Rxe2 Rfc8 28.
Na4 Qxb2 29. Rxb2 Re8 30. Nxb6 Rad8 31. Re1 Re5 32. Kg1 Kg7 33. Na4 Rc8 34. c5
dxc5 35. bxc5 Nxc5 36. Rc2 b6 37. Nxb6 Rb8 38. Rxc5 Rxb6 39. Rc7 Rb2 40. h4 g5
41. Rf1 gxh4 42. Rfxf7+ Kg6 43. Rg7+ Kh6 44. Rce7 Rxe4 45. Rh7+ Kg6 46. Rxe4
Kxh7 47. Rd4 h3 48. gxh3 Kg6 49. d6 Rb8 50. Kg2 Kf6 51. Kg3 Ke5 52. Rd1 Rd8 53.
Kh4 Rxd6 54. Rxd6 Kxd6 55. Kxh5 Ke7 56. Kg6 Kf8 57. h4 1/2-1/2

[Event "Women's World Rapid Championship 2012"]
[Site "Batumi GEO"]
[Date "2012.06.02"]
[Round "9.17"]
[White "Socko, Monika"]
[Black "Ding, Yixin"]
[Result "0-1"]
[WhiteTitle "GM"]
[BlackTitle "WGM"]
[WhiteElo "2484"]
[BlackElo "2353"]
[WhiteFideId "1106619"]
[BlackFideId "8602972"]
[EventDate "2012.05.31"]

1. d4 Nf6 2. c4 g6 3. Nc3 d5 4. Nf3 Bg7 5. b4 dxc4 6. e4 Bg4 7. Bxc4 Nc6 8. Be3
O-O 9. e5 Nd7 10. a3 Nb6 11. Ba2 Qd7 12. b5 Bxf3 13. gxf3 Na5 14. O-O Qh3 15.
Qe2 Rad8 16. Rad1 Kh8 17. Bf4 c6 18. bxc6 bxc6 19. Bg3 Nb7 20. Ne4 Nd5 21. Qa6
Rd7 22. Qxc6 Nd8 23. Qb5 a6 24. Qa4 Bh6 25. e6 Nf4 26. Bxf4 Bxf4 27. Ng3 Rd6 28.
d5 fxe6 29. dxe6 Nxe6 30. Rxd6 Bxd6 31. Bxe6 Qxe6 32. Qxa6 h5 33. Qb6 Rxf3 34.
Rc1 Kh7 35. Qd4 Rf4 36. Qe3 Qh3 37. Rd1 Qg4 38. Rd5 h4 39. h3 Qxh3 40. Rxd6 hxg3
41. Qxe7+ Kh6 42. Rxg6+ Kxg6 43. Qd6+ Rf6 44. Qd3+ Qf5 0-1

[Event "Women's World Rapid Championship 2012"]
[Site "Batumi GEO"]
[Date "2012.06.02"]
[Round "9.19"]
[White "Cori T., Deysi"]
[Black "Matnadze, Ana"]
[Result "1-0"]
[WhiteTitle "WGM"]
[BlackTitle "IM"]
[WhiteElo "2386"]
[BlackElo "2446"]
[WhiteFideId "3801934"]
[BlackFideId "13601377"]
[EventDate "2012.05.31"]

1. d4 Nf6 2. Nf3 e6 3. e3 b6 4. Bd3 Bb7 5. O-O Be7 6. c4 O-O 7. Nc3 d5 8. Qe2 c5
9. Rd1 Nbd7 10. cxd5 exd5 11. e4 c4 12. Bc2 dxe4 13. Ne5 Rc8 14. Bg5 Re8 15. Ba4
h6 16. Bh4 a6 17. Bxf6 Nxf6 18. Bxe8 Qxe8 19. Nxc4 b5 20. Na5 Ba8 21. Nb3 b4 22.
Nb1 Nd5 23. N1d2 Nf4 24. Qg4 Bd6 25. Rac1 Rd8 26. Nc4 Bb8 27. Rc2 h5 28. Qh4 f6
29. Kf1 Nxg2 30. Kxg2 e3+ 31. Kf1 Bf3 32. Nxe3 Qb5+ 33. Ke1 g5 34. Qh3 g4 35.
Qh4 Kf7 36. Rdd2 Bf4 37. Rc5 Qa4 38. Qxh5+ Ke6 39. Qf5+ Ke7 40. Qxf4 1-0

[Event "Women's World Rapid Championship 2012"]
[Site "Batumi GEO"]
[Date "2012.06.02"]
[Round "9.20"]
[White "Mikadze, Miranda"]
[Black "Khotenashvili, Bela"]
[Result "1/2-1/2"]
[WhiteTitle "WIM"]
[BlackTitle "IM"]
[WhiteElo "2323"]
[BlackElo "2500"]
[WhiteFideId "13603108"]
[BlackFideId "13602640"]
[EventDate "2012.05.31"]

1. e4 c6 2. d4 d5 3. exd5 cxd5 4. c4 Nf6 5. Nc3 Nc6 6. Bg5 Be6 7. Nf3 g6 8. Qb3
dxc4 9. Bxc4 Na5 10. Qa4+ Bd7 11. Ne5 Nxc4 12. Qxc4 Be6 13. d5 Qd6 14. Nxg6 hxg6
15. dxe6 Qxe6+ 16. Qxe6 fxe6 17. Nb5 Kf7 18. Rc1 Nd5 19. O-O Bg7 20. Rc2 a6 21.
Nc3 Rac8 22. Bd2 b5 23. Rcc1 Nxc3 24. Bxc3 Bxc3 25. Rxc3 Rxc3 26. bxc3 Rc8 27.
Rc1 Rc4 28. Kf1 e5 29. Ke2 Ke6 30. Kd3 e4+ 31. Ke3 b4 32. Kd2 Kd5 33. cxb4 Rxb4
34. Rc2 a5 35. Ke3 a4 36. h4 Rb1 37. Kf4 e5+ 38. Kg5 Kd4 39. Rd2+ Kc3 40. Re2
Rf1 41. Kxg6 Kd3 42. Re3+ Kd4 43. Re2 Kd3 44. Re3+ Kd4 45. Re2 Kd3 46. Re3+ 1/2-1/2